Top World Languages A-Z - Statistics

General Stats
  • This quiz has been taken 36,792 times
  • The average score is 15 of 26
Answer Stats
# Speakers Language % Correct
E 379 m English
98%
S 480 m Spanish
95%
F 77 m French
94%
M 915 m Mandarin
92%
A 250 m+ Arabic
90%
G 90 m German
88%
R 154 m Russian
86%
J 128 m Japanese
85%
P 221 m Portuguese
83%
H 341 m Hindi
80%
I 65 m Italian
65%
D 23 m Dutch
64%
C 73 m Cantonese
62%
B 228 m Bengali
59%
K 78 m Korean
59%
V 76 m Vietnamese
59%
Z 12 m Zulu
56%
U 69 m Urdu
53%
W 81 m Wu
30%
Q 9 m Quechua
27%
N 16 m Nepali
26%
Y 38 m Yoruba
22%
T 82 m Telugu
16%
L 20 m Lingala
11%
O 35 m Odia
7%
X 37 m Xiang
6%
No matching quizzes found
Score Distribution
Percent of People with Each Score
Percentile by Number Answered
Your Score History
You have not taken this quiz